书目信息 |
| 题名: |
六西格玛定价法
|
|
| 作者: | 索迪 , 索迪 著 ;马林梅 译 | |
| 分册: | ||
| 出版信息: | 北京 机械工业出版社 2012.5 |
|
| 页数: | 21,226页 | |
| 开本: | 24cm | |
| 丛书名: | ||
| 单 册: | ||
| 中图分类: | F274 | |
| 科图分类: | ||
| 主题词: | 企业定价 | |
| 电子资源: | ||
| ISBN: | 978-7-111-38242-3 | |
| 000 | 01347nam0 22002771 450 | |
| 001 | 524 | |
| 005 | 20140909092104.51 | |
| 010 | @a978-7-111-38242-3@dCNY39.80 | |
| 100 | @a20120627d2012 em y0chiy50 ea | |
| 101 | 1 | @achi@ceng |
| 102 | @aCN@b110000 | |
| 105 | @ay z 000yy | |
| 106 | @ar | |
| 200 | 1 | @a六西格玛定价法@ALiu Xi Ge Ma Ding Jia Fa@e改进定价操作 提高企业利润@EGai Jin Ding Jia Cao Zuo Ti Gao Qi Ye Li Run@dSix sigma pricing@eimproving pricing operations to increase profits@f(美)曼莫汉 S.索迪(ManMohan S.Sodhi),纳夫普迪 S.索迪(Navdeep S.Sodhi)著@F( Mei ) Man Mo Han S. Suo Di (ManMohan S.Sodhi), Na Fu Pu Di S. Suo Di (Navdeep S.Sodhi) Zhu@g马林梅译@zeng |
| 210 | @a北京@c机械工业出版社@d2012.5 | |
| 215 | @a21,226页@d24cm | |
| 330 | @a本书分为四个部分,共十三章,主要内容包括:为什么要重视定价业务和六西格玛定价,价格和定价,定价操作,六西格玛,界定阶段,分析阶段等。 | |
| 510 | 1 | @aSix sigma pricing@eimproving pricing operations to increase profits@zeng |
| 517 | 1 | @a改进定价操作 提高企业利润@AGai Jin Ding Jia Cao Zuo Ti Gao Qi Ye Li Run |
| 606 | 0 | @a企业定价 |
| 690 | @aF274@v5 | |
| 701 | 0 | @g(美)@a索迪@ASuo Di@g(Sodhi, ManMohan S.)@4著 |
| 701 | 0 | @g(美)@a索迪@ASuo Di@g(Sodhi, Navdeep S.)@4著 |
| 702 | 0 | @a马林梅@AMa Lin Mei@4译 |
| 801 | 0 | @aCN@bTANGWEI@c20140603 |
| 905 | @b0836277-79@dF274@e1062@f3 | |
| 六西格玛定价法:改进定价操作 提高企业利润=Six sigma pricing:improving pricing operations to increase profits/(美)曼莫汉 S.索迪(ManMohan S.Sodhi),纳夫普迪 S.索迪(Navdeep S.Sodhi)著/马林梅译.-北京:机械工业出版社,2012.5 |
| 21,226页;24cm |
| ISBN 978-7-111-38242-3:CNY39.80 |
| 本书分为四个部分,共十三章,主要内容包括:为什么要重视定价业务和六西格玛定价,价格和定价,定价操作,六西格玛,界定阶段,分析阶段等。 |
| ● |
| 相关链接 |
|
|
|
|
正题名:六西格玛定价法
索取号:F274/1062
 
预约/预借
| 序号 | 登录号 | 条形码 | 馆藏地/架位号 | 状态 | 备注 |
| 1 | 0836277 | 208362779 | 第一样本阅览室/ [索取号:F274/1062] | 在馆 | |
| 2 | 0836278 | 208362788 | 密集书库-海洋学院/ [索取号:F274/1062] | 在馆 | |
| 3 | 0836279 | 208362797 | 第一借阅区/ [索取号:F274/1062] | 在馆 |